Had Genese. Kniha 1, Chrám Satanův /
Autor, vynikající znalec hermetismu a kabaly konce 19. století, zpracoval rozsáhlé téma okultismu ve třech návazných dílech, jež dělí vždy po 7 kapitolách podle karet Tarotu. V tomto díle se věnuje pojmu ďábla a čaroděje a jejich prostředkům na ovlivnění člověka. Mir.
Uloženo v:
| Hlavní autor: | |
|---|---|
| Další autoři: | , |
| Médium: | E-kniha |
| Jazyk: | Czech |
| Vydáno: |
Praha :
Volvox Globator,
1996
|
| Vydání: | Vyd. 2., v nakl. Volvox Globator 1. |
| Edice: | Alef (Volvox Globator)
|
| Témata: | |
| On-line přístup: | Plný text - pro registrované uživatele NK ČR |
| Příbuzné jednotky: | Přeloženo z:
Serpent de la Genese. Le temple de Satan |
| Tagy: |
Žádné tagy |
| LEADER | 02402nam a2200481 a 4500 | ||
|---|---|---|---|
| 001 | 309569 | ||
| 003 | CZ PrSKC | ||
| 005 | 20260601215634.0 | ||
| 007 | tu | ||
| 008 | 960919s1996 xr a e 000 0 cze | ||
| 015 | |a cnb000137740 | ||
| 020 | |a 8085769832 |q (váz.) | ||
| 035 | |a (OCoLC)38296382 | ||
| 040 | |a ABA001 |b cze | ||
| 041 | 1 | |a cze |h fre | |
| 072 | 7 | |a 133 |x Ezoterismus. Okultismus |2 Konspekt | |
| 080 | |a 133 | ||
| 080 | |a 14 | ||
| 100 | 1 | |a Guaita, Stanislas de, |d 1861-1897 |7 jn20000602702 |4 aut | |
| 245 | 1 | 0 | |a Had Genese. |n Kniha 1, |p Chrám Satanův / |c Stanislas de Guaita ; [z francouzštiny přeložil a doslov napsal Miloš Maixner ; jazyková úprava Terezie Houšková] |
| 246 | 3 | 0 | |a Chrám Satanův |
| 250 | |a Vyd. 2., v nakl. Volvox Globator 1. | ||
| 260 | |a Praha : |b Volvox Globator, |c 1996 | ||
| 300 | |a 305 s. : |b il. ; |c 22 cm | ||
| 490 | 1 | |a Alef ; |v 7 | |
| 500 | |a Pozn. | ||
| 504 | |a Odkazy na lit. | ||
| 504 | |a Bibliogr. | ||
| 520 | 2 | |a Autor, vynikající znalec hermetismu a kabaly konce 19. století, zpracoval rozsáhlé téma okultismu ve třech návazných dílech, jež dělí vždy po 7 kapitolách podle karet Tarotu. V tomto díle se věnuje pojmu ďábla a čaroděje a jejich prostředkům na ovlivnění člověka. Mir. | |
| 520 | 2 | |a Systematické zpracování esoterně pojatého tématu magie od jednoho z největších představitelů novodobého hermetismu. | |
| 650 | 0 | 7 | |a hermetismus |7 ph120689 |2 czenas |
| 650 | 0 | 7 | |a magie |7 ph115203 |2 czenas |
| 655 | 7 | |a pojednání |7 fd133056 |2 czenas | |
| 700 | 1 | |a Maixner, Miloš, |d 1873-1937 |7 jk01073090 |4 trl |4 wfw | |
| 700 | 1 | |a Houšková, Terezie |7 jx20080103026 |4 edt | |
| 765 | 0 | |t Serpent de la Genese. Le temple de Satan | |
| 830 | 0 | |a Alef (Volvox Globator) | |
| 856 | 4 | 1 | |u https://www.bookport.cz/AccountSaml/SignIn/?idp=https%3A%2F%2Fshibboleth.nkp.cz%2Fidp%2Fshibboleth&returnUrl=/kniha/had-genese-i-chram-satanuv-7581/ |y Plný text - pro registrované uživatele NK ČR |4 N |
| 900 | |a ABA001 |b 17 | ||
| 044 | |a xr | ||
| 910 | |a RBIT002 | ||
| 998 | |d 161111 |a https://core.palmknihy.cz/api/books/161111/cover?soxori |b https://core.palmknihy.cz/api/books/161111/cover/400?j12tmk |c https://core.palmknihy.cz/api/books/161111/cover/50?twdplv |e 2060-12-31 |g 310 |i 9788085769838 |k https://core.palmknihy.cz/api/books/161111/preview.pdf |l |q 49 |r 1 |s https://www.palmknihy.cz/kniha/161111 |t ebook |y 2016 |z 0 | ||
| 999 | |d 309567 | ||